000 00803nam a2200217Ia 4500
003 Ost
005 20260507074901.0
008 260507s9999||||xx |||||||||||||| ||und||
020 _a9789953462356
040 _cfsecg
041 _aara
082 _a368
100 _eمؤلف
245 0 _aالجديد في مجال التأمين والضمان في العالم العربي /
260 _aبيروت:
_bمنشورات الحلبي الحقوقية,
_c2006
300 _a400 صفحة؛
_bإيضاحات ؛
_c25 سم
520 _a الأبعاد التاريخية والإقتصادية للتأمين، الأبعاد الشرعية للتأمين، أنواع التأمين
653 _aالتأمين - البنوك
653 _aالضمان الإجتماعي
942 _cكتاب
999 _c41652
_d41652